000 00805nam a22002777a 4500
001 BR7700134
003 BR-BrBNA
005 20230928085136.0
007 ta
008 230509b bl.||||| |||| 00| 0 por d
040 _aBR-BrBNA
_bpor
_cBiblioteca Nacional de Agricultura
041 _a(Por)
072 _aN20; E15
_b4510
_b/G514
090 _ 4510 BR7700134
100 1 _aBatista, I.S.
110 1 _aUniversidade Federal de Vicosa, MG (Brasil)
_0Tese (Magister Scientiae)
245 1 _aDemanda de tratores agricolas na regiao centro-sul do Brasil
260 3 _aVicosa, MG (Brasil):
_c1976.
300 _a99 p.
500 _a16 tables; 20 ref.; Summary (Por)
650 _aTrator
650 _aDemanda
650 _aRegiao Centro-Sul
909 _a202309
_bLucia
_c55
_dLucia Elande
942 _cBK
999 _c22996
_d22996